[Event "World Rapid 2018"]
[Site "St Petersburg RUS"]
[Date "2018.12.26"]
[Round "2.92"]
[White "Zhigalko, Andrey"]
[Black "Gurvich, Vitaly"]
[Result "1-0"]
[WhiteTitle "GM"]
[BlackTitle "FM"]
[WhiteElo "2545"]
[BlackElo "2270"]
[WhiteFideId "13502247"]
[BlackFideId "24164852"]
[EventDate "2018.12.26"]

1. e4 c6 2. d4 d5 3. exd5 cxd5 4. c4 Nf6 5. Nc3 Nc6 6. Bg5 Ne4 7. Nxe4 dxe4 8.
d5 Ne5 9. Qd4 Ng4 10. h3 e5 11. Qd2 Nf6 12. Ne2 h6 13. Be3 b6 14. g4 Ba6 15. Ng3
Rc8 16. b3 b5 17. Rc1 Ba3 18. Rc2 O-O 19. Be2 bxc4 20. bxc4 Qd7 21. O-O Rfd8 22.
Rb1 Bf8 23. Qa5 Nxd5 24. Qxa6 Nb4 25. Rxb4 Bxb4 26. Qxa7 Qc6 27. c5 Ra8 28. Qb6
Qa4 29. Rb2 Bc3 30. Rb3 Ba5 31. Qb7 Qxa2 32. Bc4 Rd1+ 33. Kg2 Rf8 34. Qxe4 Qa1
35. Nf1 Bc3 36. c6 Bd4 37. Bxh6 Rxf1 38. Bxf1 gxh6 39. Bd3 f5 40. Qd5+ Kh8 41.
Bxf5 Qa2 42. Qf3 e4 43. Qg3 e3 44. Rxe3 Qd5+ 45. Be4 Qc5 46. Rf3 Re8 47. Qf4 Bg7
48. Qf5 Qxf5 49. Bxf5 Re7 50. Bd7 Be5 51. Re3 1-0

[Event "World Rapid 2018"]
[Site "St Petersburg RUS"]
[Date "2018.12.26"]
[Round "2.93"]
[White "Anisimov, Pavel2"]
[Black "Mamatov, Melis"]
[Result "1-0"]
[WhiteTitle "IM"]
[WhiteElo "2533"]
[BlackElo "2223"]
[WhiteFideId "4135229"]
[BlackFideId "13800027"]
[EventDate "2018.12.26"]

1. d4 d5 2. Bf4 Nf6 3. e3 e6 4. Nf3 Bd6 5. Bg3 c5 6. c3 Nc6 7. Nbd2 O-O 8. Bd3
Re8 9. Ne5 Qc7 10. f4 b6 11. Bh4 Be7 12. Bxf6 Bxf6 13. h4 Bb7 14. Qh5 g6 15. Qf3
cxd4 16. exd4 Qe7 17. Qh3 Rac8 18. h5 g5 19. Ndf3 h6 20. Ng4 Kg7 21. Nxf6 Qxf6
22. fxg5 hxg5 23. h6+ Kh8 24. O-O g4 25. Qxg4 Rg8 26. Qh5 Qf4 27. Rf2 Qe3 28.
Qxf7 Qxd3 29. Qxb7 Qh7 30. Qxh7+ Kxh7 31. Re1 Rce8 32. Rfe2 Nd8 33. Ne5 Kxh6 34.
Re3 Rg5 35. Rh3+ Kg7 36. Rf1 Rf5 37. Rxf5 exf5 38. Rg3+ Kh7 39. Kf2 Ne6 40. Kf3
b5 41. Rg6 b4 42. Rf6 bxc3 43. bxc3 Ng7 44. Ke3 a5 45. Ra6 Ne6 46. Rxa5 Rc8 47.
Ra7+ Kh8 48. Ng6+ 1-0

[Event "World Rapid 2018"]
[Site "St Petersburg RUS"]
[Date "2018.12.26"]
[Round "2.94"]
[White "Makoveev, Ilya"]
[Black "Nozdrachev, Vladislav"]
[Result "0-1"]
[WhiteTitle "FM"]
[BlackTitle "IM"]
[WhiteElo "2257"]
[BlackElo "2486"]
[WhiteFideId "34155748"]
[BlackFideId "24113441"]
[EventDate "2018.12.26"]

1. e4 e5 2. Nf3 Nc6 3. Bc4 Bc5 4. O-O Nf6 5. d3 a6 6. a4 d6 7. c3 Ba7 8. Nbd2 h6
9. Re1 g5 10. Nf1 g4 11. N3d2 h5 12. Ne3 h4 13. Ndf1 Rg8 14. Kh1 Be6 15. Qe2
Bxc4 16. Nxc4 g3 17. Nce3 gxf2 18. Qxf2 Nh5 19. Qf3 Nf4 20. Nd5 Rxg2 21. Nfe3
Rg6 22. Nxf4 exf4 23. Qxf4 Ne5 24. Qf1 Bxe3 25. Bxe3 Qe7 26. d4 Ng4 27. Bf4
O-O-O 28. h3 Nf6 29. Qf3 Qe6 30. d5 Qd7 31. Re2 Rdg8 32. Rh2 Qxa4 33. Re1 Nxe4
34. b3 Qe8 35. Rhe2 f5 36. Bh2 Qd7 37. Rxe4 fxe4 38. Rxe4 b6 39. Rxh4 Kb7 40.
Re4 Rg3 41. Qf1 Rxh3 42. Re2 Rxc3 43. Ra2 Qb5 44. Qd1 Rc1 45. Qxc1 Qxd5+ 0-1

[Event "World Rapid 2018"]
[Site "St Petersburg RUS"]
[Date "2018.12.26"]
[Round "2.95"]
[White "Oganian, Miran"]
[Black "Nihal, Sarin"]
[Result "0-1"]
[WhiteTitle "IM"]
[BlackTitle "GM"]
[WhiteElo "2423"]
[BlackElo "2576"]
[WhiteFideId "4122488"]
[BlackFideId "25092340"]
[EventDate "2018.12.26"]

1. b3 d5 2. Bb2 Nf6 3. e3 e6 4. Nf3 c5 5. Be2 Nc6 6. O-O Bd6 7. c4 d4 8. exd4
cxd4 9. d3 e5 10. a3 a5 11. Nbd2 O-O 12. Re1 Re8 13. Qc2 b6 14. Bf1 h6 15. g3
Bf5 16. Bg2 Qd7 17. Nh4 Bh7 18. Ne4 Nxe4 19. Bxe4 Bxe4 20. Rxe4 f5 21. Re2 Bc5
22. Rd1 Rad8 23. Qd2 g5 24. Ng2 e4 25. dxe4 fxe4 26. Kh1 Qh3 27. Qe1 Qf5 28. Qf1
Ne5 29. b4 axb4 30. axb4 Nf3 31. Ne3 dxe3 32. bxc5 Nd2 33. Qg2 Nxc4 34. Rf1 Nd2
35. Rc1 bxc5 36. Rxe3 Nf3 37. Bc3 Rd3 38. Qf1 Red8 39. Bb2 Rxe3 40. fxe3 Rd2 41.
Qc4+ Qf7 0-1

[Event "World Rapid 2018"]
[Site "St Petersburg RUS"]
[Date "2018.12.26"]
[Round "2.96"]
[White "Masrahi, Abdulrahman A"]
[Black "Petrov, Nikita"]
[Result "0-1"]
[WhiteTitle "CM"]
[BlackTitle "GM"]
[WhiteElo "1903"]
[BlackElo "2593"]
[WhiteFideId "21501564"]
[BlackFideId "4101286"]
[EventDate "2018.12.26"]

1. d4 Nf6 2. Bf4 d5 3. e3 c5 4. c3 Nc6 5. Nd2 e6 6. Ngf3 Bd6 7. Bg3 O-O 8. Bd3
b6 9. Ne5 Bb7 10. f4 Ne7 11. Bh4 Ne4 12. O-O f6 13. Nef3 Nf5 14. Bf2 Bc7 15. Qe2
Qe7 16. Rae1 Rac8 17. Nh4 Nfd6 18. Nhf3 Bb8 19. Bb1 Bc6 20. Bd3 b5 21. a3 a5 22.
Bh4 b4 23. axb4 axb4 24. c4 Nf5 25. Bf2 Ba7 26. Ra1 Bb6 27. Ra6 Qc7 28. g4 Nfd6
29. Rfa1 Bb7 30. R6a2 Nxd2 31. Nxd2 cxd4 32. exd4 dxc4 33. Qxe6+ Kh8 34. Bf5
Nxf5 35. Qxf5 Qc6 36. d5 Bxf2+ 37. Kxf2 Qc5+ 38. Kg3 Bxd5 39. Nf3 g6 40. Qd7 Rf7
41. Qa4 b3 42. Ra3 Qe3 43. Rf1 g5 44. f5 Qf4+ 0-1

[Event "World Rapid 2018"]
[Site "St Petersburg RUS"]
[Date "2018.12.26"]
[Round "2.97"]
[White "Gordievsky, Dmitry"]
[Black "Gaifullin, Artur"]
[Result "1/2-1/2"]
[WhiteTitle "GM"]
[BlackTitle "FM"]
[WhiteElo "2614"]
[BlackElo "2448"]
[WhiteFideId "24112798"]
[BlackFideId "24168653"]
[EventDate "2018.12.26"]

1. d4 Nf6 2. Nf3 d5 3. e3 e6 4. Bd3 b6 5. O-O Bb7 6. b3 Bd6 7. c4 O-O 8. cxd5
exd5 9. Ba3 Bxa3 10. Nxa3 Qe7 11. Nb5 a6 12. Nc3 Nbd7 13. Rc1 c5 14. Ne2 Rac8
15. Ng3 g6 16. Qe2 b5 17. dxc5 Nxc5 18. Nd4 Nfe4 19. f3 Nxg3 20. hxg3 Rfe8 21.
Kf2 Qf6 22. Bb1 b4 23. Rfd1 h5 24. f4 Re7 25. Kg1 Ne4 26. Bxe4 Rxe4 27. Rxc8+
Bxc8 28. Qd2 Bg4 29. Rc1 a5 30. Kf2 h4 31. Nc6 hxg3+ 32. Kxg3 Bd7 33. Ne5 Be6
34. Nf3 d4 35. Nxd4 g5 36. Nf3 gxf4+ 37. exf4 Qf5 38. Ne5 Kg7 39. Re1 Rxe1 40.
Qxe1 Qc2 41. Qf2 Qb1 42. Kh2 Qh7+ 43. Kg3 Qb1 44. Nc6 Qg6+ 45. Kh2 Qh7+ 46. Kg1
Qb1+ 47. Kh2 Qh7+ 48. Kg1 Qb1+ 1/2-1/2

[Event "World Rapid 2018"]
[Site "St Petersburg RUS"]
[Date "2018.12.26"]
[Round "2.98"]
[White "khayat, Abdullah F"]
[Black "Vastrukhin, Oleg"]
[Result "0-1"]
[WhiteElo "1723"]
[BlackElo "2413"]
[WhiteFideId "21500460"]
[BlackFideId "4192770"]
[EventDate "2018.12.26"]

1. Nf3 g6 2. d4 Bg7 3. g3 d6 4. Bg2 e5 5. dxe5 dxe5 6. Qxd8+ Kxd8 7. O-O c6 8.
e4 f6 9. Be3 Be6 10. b3 Nd7 11. c4 Bh6 12. Bxh6 Nxh6 13. Nc3 Nf7 14. Rfd1 Ke7
15. Rd2 a5 16. Rad1 Nc5 17. h3 Rhd8 18. Ne1 Rxd2 19. Rxd2 h5 20. f3 h4 21. g4 g5
22. Kf2 Nh8 23. Bf1 Ng6 24. Ng2 Bd7 25. Ke3 Ne6 26. Na4 Nd4 27. Nc3 Nf8 28. Ne1
Nfe6 29. Ne2 c5 30. Nc3 Bc6 31. Nd5+ Bxd5 32. cxd5 Nf4 33. Nd3 Nxd3 34. Bxd3 b5
35. a4 bxa4 36. bxa4 Rb8 37. Rd1 Rb4 38. Rb1 Kd6 39. Rxb4 cxb4 40. Bc4 Kc5 41.
Bd3 b3 42. Bb1 Kb4 43. d6 Kxa4 44. d7 Ne6 45. Kd3 Kb4 46. Kd2 a4 47. Bd3 a3 48.
Kc1 Kc3 49. Bb1 a2 0-1

[Event "World Rapid 2018"]
[Site "St Petersburg RUS"]
[Date "2018.12.26"]
[Round "2.99"]
[White "Vlassov, Nikolai"]
[Black "Al Thebaiti, Ahmed M"]
[Result "1-0"]
[WhiteTitle "IM"]
[BlackTitle "CM"]
[WhiteElo "2401"]
[BlackElo "1976"]
[WhiteFideId "4103360"]
[BlackFideId "21502390"]
[EventDate "2018.12.26"]

1. g4 d5 2. Bg2 c6 3. h3 e5 4. d4 exd4 5. Qxd4 Qf6 6. Nf3 Nd7 7. O-O Qxd4 8.
Nxd4 Bc5 9. Be3 Ne7 10. c4 O-O 11. cxd5 Nxd5 12. Bxd5 cxd5 13. Nc3 Nb6 14. Rfd1
h5 15. f3 hxg4 16. hxg4 Nc4 17. Bf2 Nxb2 18. Rdb1 Nc4 19. Nxd5 b6 20. Rc1 Ne5
21. Rxc5 bxc5 22. Ne7+ Kh7 23. Kg2 g6 24. Nb5 Ba6 25. Nc7 Bxe2 26. Re1 Bxf3+ 27.
Kg3 Nd3 28. Kxf3 Nxe1+ 29. Bxe1 Rae8 30. Ncd5 Rxe7 31. Nxe7 Re8 32. Bh4 Kg7 33.
Nd5 Re6 34. Be7 c4 35. Bc5 f6 36. Bxa7 Re5 37. Nxf6 Ra5 38. Bd4 Rxa2 39. Ke4 Kf7
40. Kd5 Rd2 41. Ne4 Rg2 42. g5 Rg4 43. Bf6 Rg1 44. Nd6+ Kf8 45. Nxc4 Rd1+ 46.
Ke6 Re1+ 47. Ne5 Ke8 48. Kd5 Rd1+ 49. Ke4 Re1+ 50. Kf4 Rf1+ 51. Kg3 Kf8 52.
Nxg6+ Kf7 53. Nf4 Rg1+ 54. Kf3 Rb1 55. Kg4 Rb5 56. Bc3 Rc5 57. Bd4 Rc4 58. Be5
Rc1 59. g6+ Kg8 60. Nd5 Rg1+ 1-0

[Event "World Rapid 2018"]
[Site "St Petersburg RUS"]
[Date "2018.12.26"]
[Round "2.100"]
[White "Al Turky, Fahad A"]
[Black "Drygalov, Andrey"]
[Result "0-1"]
[BlackTitle "IM"]
[WhiteElo "1836"]
[BlackElo "2481"]
[WhiteFideId "21500401"]
[BlackFideId "24171735"]
[EventDate "2018.12.26"]

1. c4 e5 2. Nc3 Nf6 3. g3 d5 4. cxd5 Nxd5 5. Bg2 Nb6 6. Nf3 Nc6 7. O-O Be7 8. a3
O-O 9. b4 Be6 10. b5 Nd4 11. Nxe5 Bb3 12. Qe1 Nc2 13. Rb1 Nxe1 14. Rxb3 Nxg2 15.
Kxg2 Nd5 16. e4 Nxc3 17. dxc3 f6 18. Nf3 Re8 19. Be3 Bf8 20. Re1 Rxe4 21. Nd4
Rxd4 0-1

[Event "World Rapid 2018"]
[Site "St Petersburg RUS"]
[Date "2018.12.26"]
[Round "2.101"]
[White "Gutenev, Alexander"]
[Black "Alsulaymi, Abdullah M"]
[Result "1-0"]
[WhiteTitle "IM"]
[WhiteElo "2456"]
[BlackElo "1833"]
[WhiteFideId "4195540"]
[BlackFideId "21511390"]
[EventDate "2018.12.26"]

1. e4 e5 2. Nf3 Nf6 3. d4 Nxe4 4. Bd3 d5 5. dxe5 Bf5 6. O-O Bc5 7. Nc3 Nxc3 8.
bxc3 Bg4 9. h3 Bh5 10. Rb1 Nd7 11. Rxb7 Nb6 12. Bb5+ Kf8 13. Bc6 a5 14. Be3 Bxe3
15. fxe3 Rc8 16. Qd4 Qe7 17. Bxd5 Rd8 18. e4 1-0

[Event "World Rapid 2018"]
[Site "St Petersburg RUS"]
[Date "2018.12.26"]
[Round "2.102"]
[White "Makarov, Marat"]
[Black "Ahmed, Hassan Abdillahi"]
[Result "1-0"]
[WhiteTitle "GM"]
[WhiteElo "2505"]
[BlackElo "1570"]
[WhiteFideId "4101103"]
[BlackFideId "32500033"]
[EventDate "2018.12.26"]

1. e4 c5 2. Nf3 g6 3. c3 Nc6 4. d4 cxd4 5. cxd4 Bg7 6. Nc3 d6 7. Bb5 a6 8. Bxc6+
bxc6 9. O-O Nf6 10. h3 O-O 11. e5 Nd7 12. Bf4 d5 13. Qd2 Nb6 14. b3 f6 15. Bh6
fxe5 16. Nxe5 Qd6 17. Bxg7 Kxg7 18. Rfe1 Bf5 19. Rac1 Rac8 20. Ne2 e6 21. Qe3 a5
22. g4 Be4 23. f3 Bf5 24. gxf5 Rxf5 25. Ng3 Rff8 26. Kg2 Nd7 27. Nxd7 Qxd7 28.
Qxe6 Qd8 29. Qe7+ Rf7 30. Qxd8 Rxd8 31. Rxc6 Rdf8 32. Re3 h5 33. Rce6 Kh6 34.
Rc3 h4 35. Nf1 Rf5 36. Nh2 Rg5+ 37. Ng4+ Kh5 38. Rc7 Rh8 39. Re5 Rxe5 40. Nxe5
Rf8 41. Kf2 Rf6 42. Ke3 Kg5 43. f4+ Kh6 44. Ng4+ 1-0

[Event "World Rapid 2018"]
[Site "St Petersburg RUS"]
[Date "2018.12.26"]
[Round "3.3"]
[White "Amonatov, Farrukh"]
[Black "Artemiev, Vladislav"]
[Result "0-1"]
[WhiteTitle "GM"]
[BlackTitle "GM"]
[WhiteElo "2614"]
[BlackElo "2709"]
[WhiteFideId "14700077"]
[BlackFideId "24101605"]
[EventDate "2018.12.26"]

1. e4 c5 2. Nf3 d6 3. d4 cxd4 4. Nxd4 Nf6 5. Nc3 a6 6. Bc4 e6 7. Bb3 Nbd7 8. O-O
Nc5 9. Bg5 Be7 10. Re1 O-O 11. f4 h6 12. Bh4 Bd7 13. e5 dxe5 14. fxe5 Nd5 15.
Bxe7 Nxe7 16. Ne4 Qc7 17. Qh5 Nxb3 18. axb3 Ng6 19. Nd6 Rad8 20. Rad1 Bc8 21. c3
Nxe5 22. Nxc8 Nc6 23. Nxc6 bxc6 24. Qc5 Qxc8 25. c4 Qb7 26. b4 Rb8 27. Rd6 Qxb4
28. Qxb4 Rxb4 29. Rxc6 Rxb2 30. Rxa6 Rc2 31. Rc6 Rd8 32. Rf1 Rdd2 0-1

[Event "World Rapid 2018"]
[Site "St Petersburg RUS"]
[Date "2018.12.26"]
[Round "3.6"]
[White "Sargissian, Gabriel"]
[Black "Nepomniachtchi, Ian"]
[Result "0-1"]
[WhiteTitle "GM"]
[BlackTitle "GM"]
[WhiteElo "2689"]
[BlackElo "2763"]
[WhiteFideId "13300881"]
[BlackFideId "4168119"]
[EventDate "2018.12.26"]

1. Nf3 d5 2. d4 Bf5 3. g3 Nf6 4. Bg2 e6 5. O-O Nbd7 6. c4 c6 7. Qb3 Qb6 8. Nc3
h6 9. Re1 Be7 10. Bf4 O-O 11. c5 Qxb3 12. axb3 g5 13. Bc1 Ne4 14. b4 Bf6 15. e3
a6 16. Nd2 Nxd2 17. Bxd2 Bg6 18. Ne2 Rae8 19. Bc3 Bg7 20. Nc1 Nf6 21. Nb3 Bd3
22. Bf1 Bxf1 23. Kxf1 g4 24. b5 axb5 25. Ra7 Rb8 26. Na5 Ne4 27. Rd1 Rfc8 28.
Rxb7 Rxb7 29. Nxb7 b4 30. Be1 Ra8 31. Nd6 b3 32. Nxe4 dxe4 33. Ke2 Ra2 34. Bc3
f5 35. Kd2 Kf7 36. Rb1 Ra4 37. Ke2 Bf6 38. Rh1 Kg6 39. Rc1 Ra2 40. Rb1 Bd8 41.
Bb4 Ra4 42. Be1 h5 43. Bc3 Bc7 44. Rh1 Bd8 45. Rc1 Ra2 46. Rb1 h4 47. Kd2 Ra4
48. Ke2 h3 49. Rc1 Ra2 50. Rd1 Kf7 51. Kd2 Ke8 52. Kc1 Ra1+ 53. Kd2 Ra4 54. Kc1
Kd7 55. Kb1 Kc8 56. Kc1 Kb7 57. Kd2 Ka6 58. Rb1 Kb5 59. Rd1 Ra2 60. Rb1 Kc4 61.
Rc1 Kd5 62. Rb1 Be7 63. Bb4 Kc4 64. Ba3 Bd8 65. Rc1+ Kb5 66. Kc3 Ka4 67. Kc4 Ba5
68. Rb1 Bd2 69. Rd1 Rxa3 0-1

[Event "World Rapid 2018"]
[Site "St Petersburg RUS"]
[Date "2018.12.26"]
[Round "3.13"]
[White "Tsydypov, Zhamsaran"]
[Black "Oparin, Grigoriy"]
[Result "1/2-1/2"]
[WhiteTitle "IM"]
[BlackTitle "GM"]
[WhiteElo "2529"]
[BlackElo "2613"]
[WhiteFideId "4108566"]
[BlackFideId "24125890"]
[EventDate "2018.12.26"]

1. e4 e5 2. Nf3 Nc6 3. Bc4 Nf6 4. d3 Bc5 5. c3 O-O 6. O-O d6 7. Nbd2 a5 8. h3
Be6 9. Bb5 Ba7 10. Re1 Ne7 11. d4 c6 12. Bf1 Ng6 13. b3 Re8 14. Bb2 Qc7 15. c4
exd4 16. Nxd4 Rad8 17. Rc1 Bc8 18. Qf3 Ne5 19. Qg3 Qe7 20. Nf5 Bxf5 21. exf5 h6
22. Be2 Qd7 23. Qf4 Bb8 24. Ne4 Nxe4 25. Qxe4 d5 26. cxd5 cxd5 27. Qd4 f6 28.
Bh5 Re7 29. Ba3 Nc6 30. Rxe7 Nxe7 31. Qb6 Nc6 32. Be2 Ba7 33. Qb5 Qxf5 34. Bf3
Nd4 35. Qxa5 Nxf3+ 36. gxf3 Ra8 37. Kg2 Qg6+ 38. Kh1 Kh7 39. Bc5 Qg5 40. Rg1 Qf5
41. Rg3 Bb8 42. Qxa8 Bxg3 43. fxg3 Qxf3+ 44. Kh2 Qe2+ 45. Kg1 Qe1+ 46. Kg2 Qe4+
47. Kg1 Qb1+ 48. Kg2 Qe4+ 49. Kg1 d4 50. Qa5 Qe3+ 51. Kg2 Qe2+ 52. Kg1 d3 53.
Bb4 Qe3+ 54. Kg2 Qe4+ 55. Kf2 Qe2+ 56. Kg1 1/2-1/2

[Event "World Rapid 2018"]
[Site "St Petersburg RUS"]
[Date "2018.12.26"]
[Round "3.14"]
[White "Cheparinov, Ivan"]
[Black "Khanin, Semen"]
[Result "1/2-1/2"]
[WhiteTitle "GM"]
[BlackTitle "IM"]
[WhiteElo "2709"]
[BlackElo "2514"]
[WhiteFideId "2905540"]
[BlackFideId "4111990"]
[EventDate "2018.12.26"]

1. Nf3 d5 2. d4 Nf6 3. c4 e6 4. g3 dxc4 5. Bg2 Bd7 6. O-O Bc6 7. Qc2 b5 8. Nc3
Nbd7 9. e4 Be7 10. d5 exd5 11. Nd4 Bb7 12. exd5 Nc5 13. Nc6 Bxc6 14. dxc6 a6 15.
Be3 Qd3 16. Rac1 O-O 17. Rfd1 Qxc2 18. Rxc2 Rad8 19. Rcd2 Rxd2 20. Rxd2 Nd3 21.
a4 Bb4 22. axb5 axb5 23. Re2 Rb8 24. Ba7 Re8 25. Rxe8+ Nxe8 26. Nxb5 Nxb2 27.
Bd4 Nd3 28. Bd5 Bc5 29. Bxc4 Bxd4 30. Bxd3 Bb6 31. Kg2 Kf8 32. f4 g6 33. g4 Ke7
34. Kf3 Ng7 35. Bc4 h5 36. h3 hxg4+ 37. hxg4 Ne6 38. Ke4 Nc5+ 39. Kd5 Ne6 40.
Ke4 Nc5+ 41. Ke5 f6+ 42. Kd5 Ne6 43. Ke4 Nc5+ 44. Kf3 Ne6 45. Ke4 Nc5+ 46. Kd5
Ne6 47. f5 gxf5 48. gxf5 Ng5 49. Be2 Nf7 50. Nc3 Ba5 51. Na4 Nd6 52. Bd3 Bb4 53.
Bc2 Nc8 54. Bd3 Nb6+ 55. Nxb6 1/2-1/2

[Event "World Rapid 2018"]
[Site "St Petersburg RUS"]
[Date "2018.12.26"]
[Round "3.16"]
[White "Kevlishvili, Robby"]
[Black "Matlakov, Maxim"]
[Result "1/2-1/2"]
[WhiteTitle "IM"]
[BlackTitle "GM"]
[WhiteElo "2451"]
[BlackElo "2700"]
[WhiteFideId "1040634"]
[BlackFideId "4168003"]
[EventDate "2018.12.26"]

1. e4 e5 2. Nf3 Nc6 3. Bb5 a6 4. Ba4 Nf6 5. O-O Nxe4 6. d4 b5 7. Bb3 d5 8. dxe5
Be6 9. Be3 Be7 10. c3 O-O 11. h3 Qd7 12. Nbd2 Nxd2 13. Qxd2 Na5 14. Rad1 Rad8
15. Bc2 Nc4 16. Qc1 Nxe3 17. Qxe3 c5 18. Ng5 Bxg5 19. Qxg5 d4 20. cxd4 cxd4 21.
Rd2 Qc7 22. Rfd1 h6 23. Qg3 d3 24. Rxd3 Bxa2 25. Rxd8 Rxd8 26. Rxd8+ Qxd8 27.
Qa3 Qd2 28. Qxa2 Qxc2 29. Qxa6 Qc1+ 30. Kh2 Qf4+ 31. Kg1 Qc1+ 32. Kh2 Qf4+ 33.
Kg1 Qxe5 34. Qc8+ Kh7 35. Qc2+ g6 36. g3 Kg7 37. h4 h5 38. Kg2 Qd4 39. Qe2 b4
40. Qc2 Qd5+ 41. Kf1 Kf6 42. Ke2 Qe5+ 43. Kf1 Qd4 44. Ke2 Qe5+ 45. Kf1 Kg7 46.
Kg2 Qd4 47. Kf1 Qd5 1/2-1/2

[Event "World Rapid 2018"]
[Site "St Petersburg RUS"]
[Date "2018.12.26"]
[Round "3.17"]
[White "Steinberg, Nitzan"]
[Black "Korobov, Anton"]
[Result "0-1"]
[WhiteTitle "GM"]
[BlackTitle "GM"]
[WhiteElo "2532"]
[BlackElo "2698"]
[WhiteFideId "2801795"]
[BlackFideId "14105730"]
[EventDate "2018.12.26"]

1. e4 c5 2. Nf3 d6 3. d4 cxd4 4. Nxd4 Nf6 5. Nc3 a6 6. h4 Nc6 7. Be3 Ng4 8. Nxc6
bxc6 9. Bd2 Rb8 10. b3 Nf6 11. Bd3 Nd7 12. Qe2 Nc5 13. Bc4 e6 14. O-O-O Be7 15.
Bf4 Qa5 16. Qd2 e5 17. Bg5 f6 18. Be3 Rb4 19. Bxc5 Qxc5 20. Qd3 Qxf2 21. h5 a5
22. Kb1 Bd7 23. Rd2 Qa7 24. a3 Rb8 25. Qg3 Kf8 26. h6 g6 27. Rf1 Ke8 28. Ka2 Rf8
29. Rfd1 Qc7 30. Qe3 f5 31. g3 f4 32. gxf4 Rxf4 33. Rg1 Qb6 34. Qe1 Kd8 35. Bg8
Kc7 36. Bxh7 Be6 37. Qd1 Rf2 38. Rxg6 Bxb3+ 39. cxb3 Qxb3+ 40. Ka1 0-1

[Event "World Rapid 2018"]
[Site "St Petersburg RUS"]
[Date "2018.12.26"]
[Round "3.18"]
[White "Karjakin, Sergey"]
[Black "Demchenko, Anton"]
[Result "1-0"]
[WhiteTitle "GM"]
[BlackTitle "GM"]
[WhiteElo "2753"]
[BlackElo "2679"]
[WhiteFideId "14109603"]
[BlackFideId "4160258"]
[EventDate "2018.12.26"]

1. e4 e5 2. Nf3 Nc6 3. Bc4 Nf6 4. d3 Be7 5. O-O O-O 6. a3 d6 7. Nc3 Bg4 8. h3
Bh5 9. Nd5 Nxd5 10. Bxd5 Bxf3 11. Qxf3 Nd4 12. Qd1 c6 13. Ba2 Bg5 14. c3 Bxc1
15. Rxc1 Ne6 16. g3 Qe7 17. Qg4 g6 18. Rce1 h5 19. Qd1 Kg7 20. h4 Rad8 21. Kg2
a5 22. Re3 b5 23. Qe1 g5 24. Qd1 Rh8 25. Rh1 Rh6 26. Bxe6 fxe6 27. d4 exd4 28.
hxg5 Qxg5 29. Qxd4+ e5 30. Qa7+ Kg8 31. Rf3 Qg6 32. Rh4 d5 33. Qxa5 Qd6 34. Rf5
d4 35. cxd4 exd4 36. Qd2 Re8 37. Rfxh5 Rxh5 38. Rxh5 Qf6 39. Rf5 Qe7 40. Qxd4
Qxe4+ 41. Qxe4 Rxe4 42. Rc5 Re2 43. Rxc6 Rxb2 44. Ra6 1-0

[Event "World Rapid 2018"]
[Site "St Petersburg RUS"]
[Date "2018.12.26"]
[Round "3.19"]
[White "Potkin, Vladimir"]
[Black "Yu, Yangyi"]
[Result "0-1"]
[WhiteTitle "GM"]
[BlackTitle "GM"]
[WhiteElo "2597"]
[BlackElo "2764"]
[WhiteFideId "4131061"]
[BlackFideId "8603820"]
[EventDate "2018.12.26"]

1. c4 e5 2. Nc3 Nc6 3. Nf3 Nf6 4. g3 d5 5. cxd5 Nxd5 6. Bg2 Nb6 7. O-O Be7 8. a3
a5 9. d3 O-O 10. Be3 Be6 11. Bxb6 cxb6 12. e3 Qd7 13. d4 exd4 14. Nxd4 Nxd4 15.
exd4 Bc4 16. Re1 Bf6 17. Qf3 Rad8 18. Rad1 b5 19. Qf4 h6 20. h4 b6 21. Ne4 Bxd4
22. Rd2 Qe7 23. Red1 Bxb2 24. Nd6 Be5 25. Nf5 Qf6 26. Qe4 Rde8 27. Qb1 h5 28.
Ne3 Rd8 29. Nxc4 bxc4 30. Rxd8 Rxd8 31. Rxd8+ Qxd8 32. Qb5 Bd6 33. Qxc4 Bxa3 34.
Be4 Bc5 35. Qe2 g6 36. Kg2 Qd4 37. f4 a4 38. f5 gxf5 39. Bxf5 a3 40. Kf3 Qd5+
41. Be4 Qe6 42. Qd3 Qf6+ 0-1

[Event "World Rapid 2018"]
[Site "St Petersburg RUS"]
[Date "2018.12.26"]
[Round "3.21"]
[White "Salgado Lopez, Ivan"]
[Black "Mamedov, Rauf"]
[Result "1/2-1/2"]
[WhiteTitle "GM"]
[BlackTitle "GM"]
[WhiteElo "2629"]
[BlackElo "2703"]
[WhiteFideId "2257327"]
[BlackFideId "13401653"]
[EventDate "2018.12.26"]

1. e4 c5 2. c3 Nf6 3. e5 Nd5 4. Bc4 Nb6 5. Bb3 Nc6 6. Nf3 d5 7. exd6 Qxd6 8. Na3
Be6 9. O-O Bxb3 10. Qxb3 e6 11. d4 cxd4 12. Nb5 Qd7 13. Nbxd4 1/2-1/2

[Event "World Rapid 2018"]
[Site "St Petersburg RUS"]
[Date "2018.12.26"]
[Round "3.22"]
[White "Tomashevsky, Evgeny"]
[Black "Shaposhnikov, Evgeny"]
[Result "1/2-1/2"]
[WhiteTitle "GM"]
[BlackTitle "GM"]
[WhiteElo "2705"]
[BlackElo "2576"]
[WhiteFideId "4147235"]
[BlackFideId "4122232"]
[EventDate "2018.12.26"]

1. Nf3 c5 2. c4 Nc6 3. Nc3 Nd4 4. e3 Nxf3+ 5. Qxf3 g6 6. b3 Bg7 7. Bb2 Rb8 8.
Be2 d6 9. O-O Nh6 10. Qe4 O-O 11. Rfd1 Bf5 12. Qh4 Bd7 13. d4 Nf5 14. Qe4 cxd4
15. exd4 e6 16. Rd2 Re8 17. Rad1 Bc6 18. Qg4 h5 19. Qh3 d5 20. Bd3 Nxd4 21. Bxg6
fxg6 22. Rxd4 Bxd4 23. Rxd4 Qf6 24. Qe3 Rbd8 25. h3 dxc4 26. Rxc4 e5 27. Ne4 Qf5 1/2-1/2

[Event "World Rapid 2018"]
[Site "St Petersburg RUS"]
[Date "2018.12.26"]
[Round "3.23"]
[White "Iljiushenok, Ilia"]
[Black "Jakovenko, Dmitry"]
[Result "0-1"]
[WhiteTitle "GM"]
[BlackTitle "GM"]
[WhiteElo "2533"]
[BlackElo "2735"]
[WhiteFideId "24105074"]
[BlackFideId "4122356"]
[EventDate "2018.12.26"]

1. e4 e5 2. Nf3 Nc6 3. d4 exd4 4. Nxd4 Nf6 5. Nxc6 bxc6 6. e5 Qe7 7. Qe2 Nd5 8.
c4 Ba6 9. b3 g6 10. f4 g5 11. fxg5 h6 12. Nd2 hxg5 13. Bb2 Bg7 14. O-O-O Nf4 15.
Qe3 f6 16. Re1 fxe5 17. g3 Ne6 18. Bxe5 Bxe5 19. Qxe5 O-O-O 20. Qa5 Bb7 21. Bd3
Rdf8 22. Bf5 c5 23. Be4 Rf2 24. Qxa7 c6 25. Qa5 Qf6 26. h3 Qa1+ 27. Kc2 Nd4+ 28.
Kd3 Qb2 29. Qc3 Qxc3+ 30. Kxc3 Ne2+ 31. Rxe2 Rxe2 32. Kd3 Rf2 33. Bf3 Re8 34. h4
Re6 35. Rd1 gxh4 36. gxh4 Kc7 37. h5 d5 38. Bg4 Ref6 39. Rh1 R6f4 40. h6 Rxg4
41. h7 Rd4+ 42. Ke3 Rdxd2 0-1